|
|
|
|
| LEADER |
00000cas a2200000 a 4500 |
| 001 |
vtls010496399 |
| 003 |
SK-MaSNL |
| 005 |
20260228162006.0 |
| 008 |
130312d20012009xo wr p 0 b0hun c |
| 040 |
|
|
|a SNK
|b slo
|c SNK
|e AACR2
|
| 041 |
0 |
|
|a hun
|
| 044 |
|
|
|a xo
|c SK
|
| 072 |
|
7 |
|a 79
|x Rekreácia. Voľný čas. Zábavy. Hry. Šport
|2 konspekt
|
| 080 |
|
|
|a 050
|2 2001
|
| 080 |
|
|
|a 79
|2 2001
|
| 245 |
0 |
0 |
|a Színes TV
|b ingyenes tévéműsor
|
| 260 |
|
|
|a [Dunajská Streda
|b NAP Kiadó]
|c 2001-
|
| 260 |
3 |
|
|3 [1/2009]-[20/2009]
|a [Dunajská Streda
|b FIERI]
|
| 300 |
|
|
|a zv.
|c 28-31 cm
|
| 310 |
|
|
|a 1x týždenne
|
| 362 |
0 |
|
|a 2001-2009, május 20-26
|
| 500 |
|
|
|a Samostatná príloha televíznych programov týždenníka Csallóköz. Žitný ostrov, ISSN 1336-3638. Od č. 21 (2009) príloha vychádza ako súčasť týždenníka
|
| 650 |
0 |
7 |
|a televízne programy
|2 SNKPH
|9 2912
|
| 650 |
0 |
7 |
|a Television programs
|2 SNKPHeng
|9 265521
|
| 655 |
|
7 |
|a časopisy pre voľný čas
|2 SNKPH
|9 70337
|
| 655 |
|
7 |
|a leisure magazines
|2 SNKPHeng
|9 268546
|
| 772 |
0 |
|
|t Žitný ostrov - Csallóköz
|x 1336-3638
|w vtls001467910
|
| 780 |
0 |
0 |
|t Plusz tévéműsor. Csallóköz. Žitný ostrov
|
| 910 |
|
|
|a snk
|
| 999 |
|
|
|c 6360
|d 8290
|
| 952 |
|
|
|0 0
|1 0
|4 0
|7 0
|8 0
|a SNK
|b SNK
|d 2013-03-12
|i snk2013/5794
|l 0
|o snkČSB 5774/2008
|p 17A1046455
|r 2026-02-21 20:24:00
|t č. 1-50
|w 2026-02-21
|y PREZ
|
| 952 |
|
|
|0 0
|1 0
|4 0
|7 0
|8 0
|a SNK
|b SNK
|d 2013-03-12
|i snk2013/5793
|l 0
|o snkČSB 5774/2007-2008
|p 17A1046454
|r 2026-02-21 20:24:00
|t č. 1-51, neúplné
|w 2026-02-21
|y PREZ
|z chýba č. 43
|
| 952 |
|
|
|0 0
|1 0
|4 0
|7 0
|8 0
|a SNK
|b SNK
|d 2013-03-12
|i snk2013/5795
|l 0
|o snkČSB 5774/2009
|p 17A1046456
|r 2026-02-21 20:24:00
|t č. 1-20
|w 2026-02-21
|y PREZ
|